Aid activities in support of agriculture
Gespeichert in:
| Format: | Buch |
|---|---|
| Sprache: | Englisch Französisch |
| Veröffentlicht: |
Paris
OECD
2009
|
| Schriftenreihe: | Creditor reporting system
|
| Schlagworte: | |
| Tags: |
Keine Tags, Fügen Sie das erste Tag hinzu!
|
MARC
| LEADER | 00000nam$a2200000$$$4500 | ||
|---|---|---|---|
| 001 | 0125038 | ||
| 005 | 20251103135420.3 | ||
| 020 | |a 978-92-64-07702-7 | ||
| 041 | 0 | |a eng | |
| 041 | 0 | |a fre | |
| 044 | |a FR | ||
| 245 | 1 | 0 | |a Aid activities in support of agriculture |
| 264 | 1 | |a Paris |b OECD |c 2009 | |
| 300 | |a 179 s. | ||
| 490 | 1 | |a Creditor reporting system | |
| 830 | 0 | |a Creditor reporting system | |
| 610 | 2 | 0 | |a pomoc medzinárodná |
| 610 | 2 | 0 | |a pomoc finančná |
| 610 | 2 | 0 | |a pomoc rozvojová |
| 610 | 2 | 0 | |a poľnohospodárstvo |
| 610 | 2 | 0 | |a krajiny rozvojové |